Vocabulary booster : compounds
Enregistré dans:
| Autres auteurs: | |
|---|---|
| Format: | Livre |
| Publié: |
New Delhi :
Neekamal publications,
c2003.
|
| Sujets: | |
| Tags: |
Ajouter un tag
Pas de tags, Soyez le premier à ajouter un tag!
|
MARC
| LEADER | 00000nam a2200000 4500 | ||
|---|---|---|---|
| 020 | |a 8186804897 |c TZS 6,292/= | ||
| 040 | |a MUL |b eng. |e AACR | ||
| 082 | |a 401.4 RED | ||
| 245 | |a Vocabulary booster : |b compounds |c / edited by G.S. Reddy | ||
| 260 | |a New Delhi : |b Neekamal publications, |c c2003. | ||
| 300 | |a iii, 252 p. : |c 23 cm. | ||
| 546 | |a eng | ||
| 650 | |a Vocabularies | ||
| 700 | |a Reddy G.S. | ||
| 942 | |c BK | ||
| 999 | |c 2873 |d 2873 | ||